00584nam a22001697a 450000500170000001000150001702000260003203500140005803700130007208200130008510000170009824500730011526000750018827000780026330000210034150000520036220180608170331.0 aENG-123180 a9788178244990c595.00 aEN-106712 bDBAD/PUB a305.4844 aGupta, Charu aThe gender of caste:cby Charu Guptabrepresenting dalits in print / aNew DelhibPermanent Black in association with Ashoka Universityc2017 aHimalayana, Mall Road, Ranikhet Cantt, Ranikhet 263645bNew Delhie110092 a336p.c21cm(pbk) ait include bibliographical references and index